<?xml version="1.0" encoding="UTF-8"?>
<record
    xmlns:xsi="http://www.w3.org/2001/XMLSchema-instance"
    xsi:schemaLocation="http://www.loc.gov/MARC21/slim http://www.loc.gov/standards/marcxml/schema/MARC21slim.xsd"
    xmlns="http://www.loc.gov/MARC21/slim">

  <leader>02269cam a2200301 a 4500</leader>
  <controlfield tag="001">3924567</controlfield>
  <controlfield tag="005">20210414114658.0</controlfield>
  <controlfield tag="008">921002s1993    nyua          001 0 eng  </controlfield>
  <datafield tag="010" ind1=" " ind2=" ">
    <subfield code="a">   92037120 </subfield>
  </datafield>
  <datafield tag="020" ind1=" " ind2=" ">
    <subfield code="a">978049580237</subfield>
  </datafield>
  <datafield tag="020" ind1=" " ind2=" ">
    <subfield code="a">0495802328</subfield>
  </datafield>
  <datafield tag="040" ind1=" " ind2=" ">
    <subfield code="a">DLC</subfield>
    <subfield code="c">DLC</subfield>
    <subfield code="d">DLC</subfield>
  </datafield>
  <datafield tag="050" ind1="0" ind2="0">
    <subfield code="a">PE1439.M13</subfield>
  </datafield>
  <datafield tag="082" ind1="0" ind2="0">
    <subfield code="a">808/.0427</subfield>
    <subfield code="2">20</subfield>
  </datafield>
  <datafield tag="100" ind1="1" ind2=" ">
    <subfield code="a">McCuen-Metherell, Jo Ray</subfield>
  </datafield>
  <datafield tag="245" ind1="1" ind2="0">
    <subfield code="a">Readings for writers. /</subfield>
    <subfield code="c">Jo Ray McCuen-Metherell, Anthony Winkler</subfield>
  </datafield>
  <datafield tag="250" ind1=" " ind2=" ">
    <subfield code="a">13th ed. </subfield>
  </datafield>
  <datafield tag="260" ind1=" " ind2=" ">
    <subfield code="a">Boston:</subfield>
    <subfield code="b">Wadsworth,</subfield>
    <subfield code="c">2010.</subfield>
  </datafield>
  <datafield tag="300" ind1=" " ind2=" ">
    <subfield code="a">xxviii, 820 p + 32 unnumbered pages of plates :</subfield>
    <subfield code="b">ill. (some col.);</subfield>
    <subfield code="c">24cm</subfield>
  </datafield>
  <datafield tag="500" ind1=" " ind2=" ">
    <subfield code="a">Includes index.</subfield>
  </datafield>
  <datafield tag="505" ind1=" " ind2=" ">
    <subfield code="a">Contents: Reading and writing : from reading to writing. Reading critically --  Rhetoric : the art of persuasion --  Synthesis : incorporating outside sources --  The writer's voice --  The writer's thesis --  Organizing ideas --  Developing good paragraphs --  Patterns of development. Narration --  Description --  Process analysis --  Illustration/exemplification --  Definition --  Comparison/contrast --  Division/classification --  Causal analysis --  Argumentation and persuasion --  Combining the modes --  Rewriting your writing. The editing booth --  Special writing projects. Assignment 1 : the research paper --  Annotated student research paper : Modern Language Association (MLA) style --  Annotated student research paper : American Psychological Association (APA) style --  Assignment 2 : the literary paper --  Annotated literary paper.</subfield>
  </datafield>
  <datafield tag="520" ind1=" " ind2=" ">
    <subfield code="a">"From helping you find your voice to guiding you on the latest MLA and APA documentation guidelines, Readings for Writers is designed to help you become a more successful writer. Throughout the text, the authors offer helpful commentary, practical tips and suggestions, student essays, and other writing tools that you can use for any assessment. But even more importantly, they present over 100 readings from a variety of genres and authors that will inspire and inform your writing"--Back cover.  Read less  </subfield>
  </datafield>
  <datafield tag="650" ind1=" " ind2="0">
    <subfield code="a">College readers</subfield>
  </datafield>
  <datafield tag="650" ind1=" " ind2="0">
    <subfield code="a">English language </subfield>
    <subfield code="v">Rhetoric -- Problems, exercises, etc.</subfield>
  </datafield>
  <datafield tag="650" ind1=" " ind2="0">
    <subfield code="a">Report writing</subfield>
    <subfield code="v">Problems, exercises, etc.</subfield>
  </datafield>
  <datafield tag="650" ind1=" " ind2="0">
    <subfield code="a">English language</subfield>
    <subfield code="x">Rhetoric.</subfield>
  </datafield>
  <datafield tag="942" ind1=" " ind2=" ">
    <subfield code="2">lcc</subfield>
    <subfield code="c">BK</subfield>
  </datafield>
  <datafield tag="999" ind1=" " ind2=" ">
    <subfield code="c">7364</subfield>
    <subfield code="d">14864</subfield>
  </datafield>
  <datafield tag="952" ind1=" " ind2=" ">
    <subfield code="0">0</subfield>
    <subfield code="1">0</subfield>
    <subfield code="2">lcc</subfield>
    <subfield code="4">0</subfield>
    <subfield code="7">0</subfield>
    <subfield code="a">WIUC-KL</subfield>
    <subfield code="b">WIUC-KL</subfield>
    <subfield code="c">GEN</subfield>
    <subfield code="d">2019-11-22</subfield>
    <subfield code="o">PE1439.M132(13e)</subfield>
    <subfield code="p">K/2796/2796/19</subfield>
    <subfield code="r">2020-06-16 00:00:00</subfield>
    <subfield code="t">3</subfield>
    <subfield code="w">2020-06-16</subfield>
    <subfield code="y">BK</subfield>
  </datafield>
  <datafield tag="952" ind1=" " ind2=" ">
    <subfield code="0">0</subfield>
    <subfield code="1">0</subfield>
    <subfield code="2">lcc</subfield>
    <subfield code="4">0</subfield>
    <subfield code="7">0</subfield>
    <subfield code="a">WIUC-KL</subfield>
    <subfield code="b">WIUC-KL</subfield>
    <subfield code="c">LL</subfield>
    <subfield code="d">2019-11-22</subfield>
    <subfield code="o">PE1439.M134(13e)</subfield>
    <subfield code="p">KSL/336/336/19</subfield>
    <subfield code="r">2021-05-17 00:00:00</subfield>
    <subfield code="t">5</subfield>
    <subfield code="w">2020-06-16</subfield>
    <subfield code="y">BK</subfield>
  </datafield>
  <datafield tag="952" ind1=" " ind2=" ">
    <subfield code="0">0</subfield>
    <subfield code="1">0</subfield>
    <subfield code="2">lcc</subfield>
    <subfield code="4">0</subfield>
    <subfield code="7">0</subfield>
    <subfield code="a">WIUC-KL</subfield>
    <subfield code="b">WIUC-KL</subfield>
    <subfield code="c">LL</subfield>
    <subfield code="d">2019-11-22</subfield>
    <subfield code="o">PE1439.M137(13e)</subfield>
    <subfield code="p">KSL/337/337/19</subfield>
    <subfield code="r">2021-05-17 00:00:00</subfield>
    <subfield code="t">8</subfield>
    <subfield code="w">2020-06-16</subfield>
    <subfield code="y">BK</subfield>
  </datafield>
  <datafield tag="952" ind1=" " ind2=" ">
    <subfield code="0">0</subfield>
    <subfield code="1">0</subfield>
    <subfield code="2">lcc</subfield>
    <subfield code="4">0</subfield>
    <subfield code="7">0</subfield>
    <subfield code="a">WIUC-KL</subfield>
    <subfield code="b">WIUC-KL</subfield>
    <subfield code="c">GEN</subfield>
    <subfield code="d">2019-11-22</subfield>
    <subfield code="o">PE1439.M133(13e)</subfield>
    <subfield code="p">K/2797/2797/19</subfield>
    <subfield code="r">2021-05-17 00:00:00</subfield>
    <subfield code="t">4</subfield>
    <subfield code="w">2020-06-16</subfield>
    <subfield code="y">BK</subfield>
  </datafield>
  <datafield tag="952" ind1=" " ind2=" ">
    <subfield code="0">0</subfield>
    <subfield code="1">0</subfield>
    <subfield code="2">lcc</subfield>
    <subfield code="4">0</subfield>
    <subfield code="7">0</subfield>
    <subfield code="a">WIUC-KL</subfield>
    <subfield code="b">WIUC-KL</subfield>
    <subfield code="c">NURS L.</subfield>
    <subfield code="d">2019-11-22</subfield>
    <subfield code="o">PE1439.M135(13e)</subfield>
    <subfield code="p">KSN/552/552/19</subfield>
    <subfield code="r">2021-05-17 00:00:00</subfield>
    <subfield code="t">6</subfield>
    <subfield code="w">2020-06-16</subfield>
    <subfield code="y">BK</subfield>
  </datafield>
  <datafield tag="952" ind1=" " ind2=" ">
    <subfield code="0">0</subfield>
    <subfield code="1">0</subfield>
    <subfield code="2">lcc</subfield>
    <subfield code="4">0</subfield>
    <subfield code="7">0</subfield>
    <subfield code="a">WIUC-KL</subfield>
    <subfield code="b">WIUC-KL</subfield>
    <subfield code="c">GEN</subfield>
    <subfield code="d">2019-10-21</subfield>
    <subfield code="l">1</subfield>
    <subfield code="m">1</subfield>
    <subfield code="o">PE1439.M13(13e)</subfield>
    <subfield code="p">K/162/162/19</subfield>
    <subfield code="r">2023-08-22 00:00:00</subfield>
    <subfield code="s">2022-03-09</subfield>
    <subfield code="t">1</subfield>
    <subfield code="w">2020-06-16</subfield>
    <subfield code="y">BK</subfield>
  </datafield>
  <datafield tag="952" ind1=" " ind2=" ">
    <subfield code="0">0</subfield>
    <subfield code="1">0</subfield>
    <subfield code="2">lcc</subfield>
    <subfield code="4">0</subfield>
    <subfield code="7">0</subfield>
    <subfield code="a">WIUC-KL</subfield>
    <subfield code="b">WIUC-KL</subfield>
    <subfield code="c">GEN</subfield>
    <subfield code="d">2019-10-21</subfield>
    <subfield code="o">PE1439.M131(13e)</subfield>
    <subfield code="p">K/163/163/19</subfield>
    <subfield code="r">2021-05-17 00:00:00</subfield>
    <subfield code="t">2</subfield>
    <subfield code="w">2020-06-16</subfield>
    <subfield code="y">BK</subfield>
  </datafield>
  <datafield tag="952" ind1=" " ind2=" ">
    <subfield code="0">0</subfield>
    <subfield code="1">0</subfield>
    <subfield code="2">lcc</subfield>
    <subfield code="4">0</subfield>
    <subfield code="7">0</subfield>
    <subfield code="a">WIUC-KL</subfield>
    <subfield code="b">WIUC-KL</subfield>
    <subfield code="c">NURS L.</subfield>
    <subfield code="d">2019-11-22</subfield>
    <subfield code="o">PE1439.M136(13e)</subfield>
    <subfield code="p">KSN/553/553/19</subfield>
    <subfield code="r">2023-11-07 00:00:00</subfield>
    <subfield code="t">7</subfield>
    <subfield code="w">2020-06-16</subfield>
    <subfield code="y">BK</subfield>
  </datafield>
  <datafield tag="952" ind1=" " ind2=" ">
    <subfield code="0">0</subfield>
    <subfield code="1">0</subfield>
    <subfield code="2">lcc</subfield>
    <subfield code="4">0</subfield>
    <subfield code="7">0</subfield>
    <subfield code="a">WIUC-KL</subfield>
    <subfield code="b">WIUC-KL</subfield>
    <subfield code="c">GEN</subfield>
    <subfield code="d">2019-11-22</subfield>
    <subfield code="o">PE1439.M138(13e)</subfield>
    <subfield code="p">K/2798/2798/19</subfield>
    <subfield code="r">2023-11-27 00:00:00</subfield>
    <subfield code="t">9</subfield>
    <subfield code="w">2023-11-27</subfield>
    <subfield code="y">BK</subfield>
  </datafield>
</record>
